000 01541nam a2200481 i 4500
001 19546
003 KOSZ 005
005 20210928143358.0
008 980916s1979 pl a f |001 0 pol
015 _aPB 1980/1604
020 _a8306004345
035 _a991005514549705066
035 _a(PL-WaBN)b11441434-48omnis_nlop
035 _ab11441434
035 _a(OCoLC)830135302
035 _a(PL)b0000001144143
035 _a(EXLNZ-48OMNIS_NETWORK)9910399601005606
040 _aWA N
_cWA N
_dKOSZ 005/EG
041 _apol
046 _k1979
080 _a75.046.3
080 _a(091)
100 1 _aDobrowolski, Witold
_d(1939-2019)
_eAutor
245 1 0 _aMalarstwo etruskie /
_cWitold Dobrowolski.
260 _aWarszawa :
_bPańst. Inst. Wydaw.,
_c1979.
300 _a249, [3] s., VIII s. tabl. kolor., [30] k. tabl. :
_bil., mapa ;
_c25 cm.
336 _2rdacontent
_aTekst
_btxt
337 _2rdamedia
_aBez urządzenia pośredniczącego
_bn
338 _2rdacarrier
_aWolumin
_bnc
380 _aKsiążki
388 _a1901-2000
388 _a1945-1989
500 _aKsiążka w serii: Rodowody Cywilizacji.
504 _aIndeksy.
650 7 _aHistoria sztuki
655 7 _aMalarstwo etruskie
658 _aKultura i sztuka
710 2 _aPaństwowy Instytut Wydawniczy
_4pbl
830 0 _aSeria Ceramowska
856 _uhttp://koha.tu.koszalin.pl/cgi-bin/koha/opac-detail.pl?biblionumber=19546
_yKatalog online BPK
942 _2UKD
_cKS
999 _c19546
_d19546